[Event "Prague Golden U20 Rapid op 19th"]
[Site "Prague"]
[Date "2024.06.22"]
[Round "3"]
[White "Bukovskij, Dmitri"]
[Black "Sykora, Jan1"]
[Result "0-1"]
[WhiteElo "1623"]
[BlackElo "1517"]
[PlyCount "96"]
[EventDate "2024.06.22"]
[EventType "swiss (rapid)"]
[EventRounds "7"]
[EventCountry "CZE"]
[SourceTitle "EXT 2025"]
[Source "ChessBase"]
[SourceDate "2024.10.14"]
[SourceVersion "1"]
[SourceVersionDate "2024.10.14"]
[SourceQuality "1"]

1. d4 Nf6 2. c4 g6 3. Nc3 Bg7 4. e4 d6 5. Nf3 0-0 6. Be2 Bg4 7. 0-0 Bxf3 8. Bxf3 e5 9. d5 Nbd7 10. b4 a5 11. b5 Nc5 12. Ba3 b6 13. Bxc5 bxc5 14. a4 Nd7 15. Be2 Nb6 16. Qd2 Qh4 17. Nd1 Qxe4 18. Bd3 Nxc4 19. Qc2 Qd4 20. Bxc4 Qxa1 21. Nc3 Qa3 22. Rb1 e4 23. Nxe4 Rae8 24. f3 Bd4+ 25. Kf1 Qe3 26. Nf2 Re7 27. Qd3 Qxd3+ 28. Bxd3 Bxf2 29. Kxf2 Rfe8 30. b6 cxb6 31. Rxb6 Rd8 32. Ra6 Rb7 33. Rxa5 Rdd7 34. Bb5 Ra7 35. Bxd7 Rxa5 36. Ke3 Kf8 37. g4 Ke7 38. Bc6 f6 39. h4 h6 40. f4 Kd8 41. Ke4 Kc7 42. h5 g5 43. fxg5 fxg5 44. Kd3 Ra6 45. Kc4 Rxc6 46. dxc6 Kxc6 47. a5 d5+ 48. Kc3 Kb5 0-1

[Event "Prague Golden U20 Rapid op 19th"]
[Site "Prague"]
[Date "2024.06.22"]
[Round "2"]
[White "Mukhametgareev, Timur"]
[Black "Bukovskij, Dmitri"]
[Result "0-1"]
[WhiteElo "1490"]
[BlackElo "1623"]
[PlyCount "94"]
[EventDate "2024.06.22"]
[EventType "swiss (rapid)"]
[EventRounds "7"]
[EventCountry "CZE"]
[SourceTitle "EXT 2025"]
[Source "ChessBase"]
[SourceDate "2024.10.14"]
[SourceVersion "1"]
[SourceVersionDate "2024.10.14"]
[SourceQuality "1"]

1. e4 c5 2. Nf3 e6 3. d4 cxd4 4. Nxd4 a6 5. Nc3 Qc7 6. f4 Bb4 7. Qf3 Nc6 8. Be3 Ne5 9. fxe5 Bxc3+ 10. Bd2 Bxd4 11. c3 Bxe5 12. 0-0-0 Nf6 13. g3 0-0 14. Bf4 Bxf4+ 15. gxf4 d5 16. exd5 Nxd5 17. Rg1 Qxf4+ 18. Qxf4 Nxf4 19. Rd4 Ng6 20. Bd3 e5 21. Re4 Bf5 22. Re3 Bxd3 23. Rxd3 Rad8 24. Re3 f5 25. Rd1 Rxd1+ 26. Kxd1 Rd8+ 27. Kc2 f4 28. Rd3 Rxd3 29. Kxd3 f3 30. Ke3 e4 31. b3 Kf7 32. a4 Ke6 33. c4 b6 34. b4 Kd6 35. b5 axb5 36. cxb5 Kc5 37. h3 h6 38. h4 h5 39. a5 bxa5 40. b6 Kxb6 41. Kf2 a4 42. Ke3 a3 43. Kf2 a2 44. Ke3 a1Q 45. Kf2 Qd4+ 46. Ke1 e3 47. Kf1 Qd1# 0-1

[Event "Prague Golden U20 Rapid op 19th"]
[Site "Prague"]
[Date "2024.06.22"]
[Round "6"]
[White "Porter, William"]
[Black "Bukovskij, Dmitri"]
[Result "1/2-1/2"]
[WhiteElo "1549"]
[BlackElo "1623"]
[PlyCount "46"]
[EventDate "2024.06.22"]
[EventType "swiss (rapid)"]
[EventRounds "7"]
[EventCountry "CZE"]
[SourceTitle "EXT 2025"]
[Source "ChessBase"]
[SourceDate "2024.10.14"]
[SourceVersion "1"]
[SourceVersionDate "2024.10.14"]
[SourceQuality "1"]

1. e4 e5 2. Nf3 Nc6 3. Nc3 Nf6 4. Be2 Be7 5. 0-0 0-0 6. a3 a6 7. d3 d6 8. Be3 Be6 9. h3 Re8 10. Re1 Nd7 11. Bf1 Nf8 12. Ne2 Ng6 13. Ng3 Nh4 14. c3 Ng6 15. Rb1 b5 16. b4 Bh4 17. Nxh4 Qxh4 18. Qd2 Nf4 19. Bxf4 exf4 20. Ne2 g5 21. Nd4 Nxd4 22. cxd4 f5 23. exf5 Bxf5 1/2-1/2